Państwa według zakresu populacji - Statystyki

Ogólne statystyki
  • Ten quiz został rozwiązany 345 razy
  • Średni wynik to 35 z 48
Statystyki odpowiedzi
Zagadnienie Komórka Select % Poprawnych
Kraje które mają populację powyżej 100 milionów. Grecja Nie
98%
Kraje które mają populację powyżej 100 milionów. USA Tak
97%
Kraje które mają populację powyżej 100 milionów. Indie Tak
96%
Kraje które mają populację powyżej 100 milionów. Hiszpania Nie
95%
Kraje które mają populację powyżej 100 milionów. Peru Nie
95%
Kraje które mają populację powyżej 100 milionów. Irak Nie
93%
Kraje które mają populację powyżej 100 milionów. Niemcy Nie
92%
Kraje które mają populację powyżej 100 milionów. Brazylia Tak
91%
Kraje które mają populację powyżej 100 milionów. Francja Nie
90%
Kraje które mają populację powyżej 100 milionów. Indonezja Tak
89%
Kraje które posiadają populację poniżej 1 miliona. Tunezja Nie
89%
Kraje które posiadają populację poniżej 1 miliona. Botswana Nie
88%
Kraje które mają populację powyżej 100 milionów. Nigeria Tak
88%
Kraje które posiadają populację poniżej 1 miliona. San Marino Tak
87%
Kraje które posiadają populację poniżej 1 miliona. Monako Tak
84%
Kraje które posiadają populację poniżej 1 miliona. Litwa Nie
83%
Kraje które posiadają populację poniżej 1 miliona. Nauru Tak
82%
Kraje które mają populację powyżej 100 milionów. Pakistan Tak
82%
Kraje które posiadają populację poniżej 1 miliona. Rwanda Nie
79%
Kraje z populacją pomiędzy 10-100 milionami. Australia Tak
78%
Kraje z populacją pomiędzy 10-100 milionami. Katar Nie
76%
Kraje które posiadają populację poniżej 1 miliona. Erytrea Nie
75%
Państwa posiadające populacje pomiędzy 1-10 milionami . Saint Lucia Nie
75%
Kraje które posiadają populację poniżej 1 miliona. Islandia Tak
73%
Państwa posiadające populacje pomiędzy 1-10 milionami . Dania Tak
72%
Państwa posiadające populacje pomiędzy 1-10 milionami . Irlandia Tak
72%
Państwa posiadające populacje pomiędzy 1-10 milionami . Rumunia Nie
72%
Kraje z populacją pomiędzy 10-100 milionami. Armenia Nie
70%
Kraje które posiadają populację poniżej 1 miliona. Jamajka Nie
68%
Państwa posiadające populacje pomiędzy 1-10 milionami . Chile Nie
63%
Państwa posiadające populacje pomiędzy 1-10 milionami . Syria Nie
63%
Państwa posiadające populacje pomiędzy 1-10 milionami . Urugwaj Tak
63%
Państwa posiadające populacje pomiędzy 1-10 milionami . Kostaryka Tak
62%
Kraje z populacją pomiędzy 10-100 milionami. Niger Tak
61%
Kraje z populacją pomiędzy 10-100 milionami. Ghana Tak
60%
Kraje z populacją pomiędzy 10-100 milionami. Japonia Nie
60%
Kraje z populacją pomiędzy 10-100 milionami. Madagaskar Tak
59%
Państwa posiadające populacje pomiędzy 1-10 milionami . Malta Nie
59%
Państwa posiadające populacje pomiędzy 1-10 milionami . Singapur Tak
59%
Kraje które posiadają populację poniżej 1 miliona. Belize Tak
58%
Kraje z populacją pomiędzy 10-100 milionami. Mongolia Nie
58%
Kraje z populacją pomiędzy 10-100 milionami. Meksyk Nie
57%
Kraje z populacją pomiędzy 10-100 milionami. Etiopia Nie
50%
Kraje które posiadają populację poniżej 1 miliona. Bhutan Tak
48%
Kraje z populacją pomiędzy 10-100 milionami. Sri Lanka Tak
48%
Państwa posiadające populacje pomiędzy 1-10 milionami . Surinam Nie
47%
Państwa posiadające populacje pomiędzy 1-10 milionami . Libia Tak
35%
Kraje z populacją pomiędzy 10-100 milionami. Nepal Tak
35%
Nie znaleziono quizów pasujących do podanych kryteriów
Rozkład punktacji
Procent ludzi z każdym wynikiem
Percentyl według liczby udzielonych odpowiedzi
Twoja historia wyników
Nie rozwiązałeś tego quizu